Informačná bezpečnosť a jej význam pre podnik diplomová práca

Salvato in:
Dettagli Bibliografici
Autore principale: Vyhnička, Viliam
Ente Autore: Fakulta hospodárskej informatiky EU. Katedra aplikovanej informatiky
Altri autori: Cárachová, Magdaléna
Natura: Libro
Lingua:slovacco
Pubblicazione: Bratislava 2020
Tags: Aggiungi Tag
Nessun Tag, puoi essere il primo ad aggiungerne!!

MARC

LEADER 00000nbm a2200000 4500
001 0266660
005 20210512110415.7
041 0 |a slo 
044 |a SK 
245 1 0 |a Informačná bezpečnosť a jej význam pre podnik  |b diplomová práca  |c Viliam Vyhnička ; školiteľ: Magdaléna Cárachová 
264 1 |a Bratislava  |c 2020 
300 |a 64 s. 
100 1 |a Vyhnička, Viliam 
700 1 |a Cárachová, Magdaléna 
710 2 |a Fakulta hospodárskej informatiky EU. Katedra aplikovanej informatiky